000 00509nam a2200181Ia 4500
008 151202s9999||||xx |||||||||||||| ||und||
082 _bPNVM-50532
100 _aभावे पु.भा.
245 _aपिंजरा.
260 _b"संजय प्रकाशन,पुणे."
260 _c50532
300 _a143
600 _aभावे पु.भा.
630 _aपिंजरा.
700 _aभावे पु.भा.
730 _aपिंजरा.
942 _cBOOK
999 _c1317074
_d1317071